| 000 | 01711nam2a2200325 4500 | ||
|---|---|---|---|
| 001 | RU\NLR\bibl\1734507 | ||
| 005 | 20260408014527.0 | ||
| 010 |
_a978-5-94706-083-6 _9200 |
||
| 021 |
_aRU _b2011-178 _913 |
||
| 035 | _a(NLR Aleph) 001725446 | ||
| 090 |
_a1366294 _c1366294 |
||
| 100 | _a20110210d2010 |||y0rusy50 ca | ||
| 101 | 0 | _arus | |
| 102 | _aRU | ||
| 105 | _aa ||||||||| | ||
| 200 | 1 |
_aСловесный образ и литературное произведение _e[по материалам научной конференции "Грехневские чтения-8: Словесный образ и литературное произведение" _fредкол.: ...И.С. Юхнова (отв. ред.)] |
|
| 210 |
_aНижний Новгород _cКниги _d2010 |
||
| 215 | _a385, [1] с. | ||
| 320 | _aБиблиогр. в конце ст. | ||
| 461 | 0 |
_1001RU\NLR\bibl\1112406 _12001#$aГрехневские чтения$vВып. 6 _91168784 _cНижний Новгород _d2007 _nиздатель Ю.А. Николаев _oсборник научных трудов _tГрехневские чтения _vВып. 6 |
|
| 702 | 1 |
_4340 _aЮхнова _bИ. С. _cд-р филол. наук _f1964- _gИрина Сергеевна _9211710 _3RU\NLR\AUTH\770211766 |
|
| 702 | 1 |
_aГрехнев _bВ. А. _gВсеволод Алексеевич _4570 |
|
| 711 | 1 | 2 |
_aГрехневские чтения _d8 _eНижний Новгород _f2010 _9850926 _3RU\NLR\AUTH\8810177416 |
| 801 | 0 |
_aRU _bNLR _c20110210 _gRCR |
|
| 801 | 1 |
_aRU _bNLR _c20110210 |
|
| 830 | _aред. по базе | ||
| 942 | _cBOOK | ||
| 980 | _aNB | ||